DYNAMICKÝ MODEL RELUKTANČNÉHO KROKOVÉHO MOTORA

Bibliographic Details
Main Author: Záskalický, Pavel, 1949- (Author)
Format: Article
Language:Slovak

MARC

LEADER 00000nab a2200000ua 4500
001 vtls010755238
003 SK-MaSNL
005 20260304203819.0
008 250718s2005 xo |||||||||||||||||slo|
035 |a (urnnbn)urn:nbn:sk:snk:ar-a04jki 
035 |a (uuid)5f29a63a-5410-4f4e-b9aa-7baf05e247a4 
035 |a urn:nbn:sk:snk-ab4tfq 
040 |a SNKBUCL  |b slo  |c SNKBUCL  |e AACR2 
041 0 |a slo 
044 |a xo  |c SK 
100 1 |a Záskalický, Pavel,  |d 1949-  |4 aut  |9 102614 
245 1 0 |a DYNAMICKÝ MODEL RELUKTANČNÉHO KROKOVÉHO MOTORA  |c Pavel Záskalický 
773 0 |t Advances in electrical and electronic engineering  |g Roč. 4, č. 1 (2005), s. 18-22 
850 |a Slovenská národná knižnica 
852 |a Slovenská národná knižnica 
954 |a odborná, vedecká literatúra pôvodná (slovenská)  |2 lita 
958 |a article3 
958 |a OND 
958 |a EUIPO 
999 |c 3112359  |d 3114289